NBA Top 5 Rebounds Every Year 1951-1999 - Statistics

General Stats
  • This quiz has been taken 154 times
    14 since last reset
  • The average score is 196 of 245
Answer Stats
Year Team Player % Correct
1983: 4 Spurs Artis Gilmore
100%
1979: 4 Bulls Artis Gilmore
100%
1977: 4 Bulls Artis Gilmore
100%
1969: 3 Celtics Bill Russell
100%
1968: 3 Celtics Bill Russell
100%
1967: 3 Celtics Bill Russell
100%
1966: 2 Celtics Bill Russell
100%
1965: 1 Celtics Bill Russell
100%
1964: 1 Celtics Bill Russell
100%
1963: 2 Celtics Bill Russell
100%
1962: 2 Celtics Bill Russell
100%
1961: 2 Celtics Bill Russell
100%
1960: 2 Celtics Bill Russell
100%
1959: 1 Celtics Bill Russell
100%
1958: 1 Celtics Bill Russell
100%
1957: 1 Celtics Bill Russell
100%
1977: 5 Braves/Knicks Bob McAdoo
100%
1975: 4 Braves Bob McAdoo
100%
1974: 3 Braves Bob McAdoo
100%
1964: 5 Hawks Bob Pettit
100%
1963: 4 Hawks Bob Pettit
100%
1962: 4 Hawks Bob Pettit
100%
1961: 3 Hawks Bob Pettit
100%
1960: 3 Hawks Bob Pettit
100%
1959: 2 Hawks Bob Pettit
100%
1958: 3 Hawks Bob Pettit
100%
1957: 3 Hawks Bob Pettit
100%
1956: 2 Hawks Bob Pettit
100%
1955: 3 Hawks Bob Pettit
100%
1999: 2 Rockets Charles Barkley
100%
1996: 4 Suns Charles Barkley
100%
1990: 3 76ers Charles Barkley
100%
1989: 2 76ers Charles Barkley
100%
1987: 1 76ers Charles Barkley
100%
1986: 2 76ers Charles Barkley
100%
1998: 5 Spurs David Robinson
100%
1996: 2 Spurs David Robinson
100%
1992: 4 Spurs David Robinson
100%
1991: 1 Spurs David Robinson
100%
1990: 2 Spurs David Robinson
100%
1999: 3 Hawks Dikembe Mutombo
100%
1998: 4 Hawks Dikembe Mutombo
100%
1997: 2 Hawks Dikembe Mutombo
100%
1996: 3 Nuggets Dikembe Mutombo
100%
1995: 2 Nuggets Dikembe Mutombo
100%
1993: 3 Nuggets Dikembe Mutombo
100%
1992: 3 Nuggets Dikembe Mutombo
100%
1997: 4 Nuggets Ervin Johnson
100%
1970: 5 Bullets Gus Johnson
100%
1994: 4 Rockets Hakeem Olajuwon
100%
1993: 4 Rockets Hakeem Olajuwon
100%
1992: 5 Rockets Hakeem Olajuwon
100%
1990: 1 Rockets Hakeem Olajuwon
100%
1989: 1 Rockets Hakeem Olajuwon
100%
1988: 3 Rockets Hakeem Olajuwon
100%
1985: 4 Rockets Hakeem Olajuwon
100%
1979: 3 Lakers Kareem Abdul-Jabbar
100%
1977: 2 Lakers Kareem Abdul-Jabbar
100%
1976: 1 Lakers Kareem Abdul-Jabbar
100%
1975: 5 Bucks Kareem Abdul-Jabbar
100%
1974: 4 Bucks Kareem Abdul-Jabbar
100%
1973: 4 Bucks Kareem Abdul-Jabbar
100%
1972: 3 Bucks Kareem Abdul-Jabbar
100%
1971: 4 Bucks Kareem Abdul-Jabbar
100%
1970: 3 Bucks Kareem Abdul-Jabbar
100%
1991: 4 Jazz Karl Malone
100%
1990: 4 Jazz Karl Malone
100%
1989: 5 Jazz Karl Malone
100%
1988: 4 Jazz Karl Malone
100%
1989: 4 Hawks Moses Malone
100%
1986: 4 76ers Moses Malone
100%
1985: 1 76ers Moses Malone
100%
1984: 1 76ers Moses Malone
100%
1983: 1 76ers Moses Malone
100%
1982: 1 Rockets Moses Malone
100%
1981: 1 Rockets Moses Malone
100%
1980: 2 Rockets Moses Malone
100%
1979: 1 Rockets Moses Malone
100%
1978: 2 Rockets Moses Malone
100%
1977: 3 Braves/Rockets Moses Malone
100%
1973: 2 Warriors Nate Thurmond
100%
1972: 4 Warriors Nate Thurmond
100%
1969: 2 Warriors Nate Thurmond
100%
1967: 2 Warriors Nate Thurmond
100%
1966: 4 Warriors Nate Thurmond
100%
1965: 4 Warriors Nate Thurmond
100%
1997: 5 Knicks Patrick Ewing
100%
1995: 4 Knicks Patrick Ewing
100%
1991: 5 Knicks Patrick Ewing
100%
1990: 5 Knicks Patrick Ewing
100%
1986: 5 Rockets Ralph Sampson
100%
1984: 5 Rockets Ralph Sampson
100%
1989: 3 Celtics Robert Parish
100%
1999: 5 Spurs Tim Duncan
100%
1998: 3 Spurs Tim Duncan
100%
1978: 1 Jazz Truck Robinson
100%
1980: 3 Bullets Wes Unseld
100%
1976: 3 Bullets Wes Unseld
100%
1975: 1 Bullets Wes Unseld
100%
1973: 5 Bullets Wes Unseld
100%
1972: 2 Bullets Wes Unseld
100%
1971: 2 Bullets Wes Unseld
100%
1970: 2 Bullets Wes Unseld
100%
1969: 5 Bullets Wes Unseld
100%
1973: 1 Lakers Wilt Chamberlain
100%
1972: 1 Lakers Wilt Chamberlain
100%
1971: 1 Lakers Wilt Chamberlain
100%
1969: 1 Lakers Wilt Chamberlain
100%
1968: 1 76ers Wilt Chamberlain
100%
1967: 1 76ers Wilt Chamberlain
100%
1966: 1 76ers Wilt Chamberlain
100%
1965: 2 Warriors/76ers Wilt Chamberlain
100%
1964: 2 Warriors Wilt Chamberlain
100%
1963: 1 Warriors Wilt Chamberlain
100%
1962: 1 Warriors Wilt Chamberlain
100%
1961: 1 Warriors Wilt Chamberlain
100%
1960: 1 Warriors Wilt Chamberlain
100%
1987: 5 Pistons Bill Laimbeer
92%
1986: 1 Pistons Bill Laimbeer
92%
1985: 2 Pistons Bill Laimbeer
92%
1984: 4 Pistons Bill Laimbeer
92%
1983: 3 Pistons Bill Laimbeer
92%
1977: 1 Trail Blazers Bill Walton
92%
1991: 3 Knicks Charles Oakley
92%
1988: 2 Bulls Charles Oakley
92%
1987: 2 Bulls Charles Oakley
92%
1999: 1 Kings Chris Webber
92%
1978: 3 Celtics Dave Cowens
92%
1976: 2 Celtics Dave Cowens
92%
1975: 2 Celtics Dave Cowens
92%
1974: 2 Celtics Dave Cowens
92%
1973: 3 Celtics Dave Cowens
92%
1972: 5 Celtics Dave Cowens
92%
1998: 1 Bulls Dennis Rodman
92%
1997: 1 Bulls Dennis Rodman
92%
1996: 1 Bulls Dennis Rodman
92%
1995: 1 Spurs Dennis Rodman
92%
1994: 1 Spurs Dennis Rodman
92%
1993: 1 Pistons Dennis Rodman
92%
1992: 1 Pistons Dennis Rodman
92%
1991: 2 Pistons Dennis Rodman
92%
1978: 4 Bullets Elvin Hayes
92%
1974: 1 Bullets Elvin Hayes
92%
1971: 3 Rockets Elvin Hayes
92%
1970: 1 Rockets Elvin Hayes
92%
1971: 5 Warriors Jerry Lucas
92%
1969: 4 Royals Jerry Lucas
92%
1968: 2 Royals Jerry Lucas
92%
1967: 4 Royals Jerry Lucas
92%
1966: 3 Royals Jerry Lucas
92%
1965: 3 Royals Jerry Lucas
92%
1964: 3 Royals Jerry Lucas
92%
1985: 5 Jazz Mark Eaton
92%
1982: 5 Knicks Maurice Lucas
92%
1995: 3 Magic Shaquille O'Neal
92%
1994: 2 Magic Shaquille O'Neal
92%
1993: 2 Magic Shaquille O'Neal
92%
1996: 5 SuperSonics Shawn Kemp
92%
1988: 5 Nets Buck Williams
83%
1987: 3 Nets Buck Williams
83%
1986: 3 Nets Buck Williams
83%
1985: 3 Nets Buck Williams
83%
1984: 2 Nets Buck Williams
83%
1983: 2 Nets Buck Williams
83%
1982: 3 Nets Buck Williams
83%
1980: 4 76ers Caldwell Jones
83%
1959: 5 Nationals Dolph Schayes
83%
1958: 4 Nationals Dolph Schayes
83%
1957: 4 Nationals Dolph Schayes
83%
1956: 5 Nationals Dolph Schayes
83%
1955: 4 Nationals Dolph Schayes
83%
1954: 5 Nationals Dolph Schayes
83%
1952: 5 Nationals Dolph Schayes
83%
1951: 1 Nationals Dolph Schayes
83%
1963: 5 Lakers Elgin Baylor
83%
1961: 4 Lakers Elgin Baylor
83%
1960: 4 Lakers Elgin Baylor
83%
1959: 3 Lakers Elgin Baylor
83%
1954: 2 Lakers George Mikan
83%
1953: 1 Lakers George Mikan
83%
1952: 1 Lakers George Mikan
83%
1951: 2 Lakers George Mikan
83%
1998: 2 Nets Jayson Williams
83%
1994: 3 Hawks Kevin Willis
83%
1993: 5 Hawks Kevin Willis
83%
1992: 2 Hawks Kevin Willis
83%
1981: 4 Celtics Larry Bird
83%
1966: 5 Bullets Walt Bellamy
83%
1964: 4 Bullets Walt Bellamy
83%
1963: 3 Zephyrs Walt Bellamy
83%
1962: 3 Packers Walt Bellamy
83%
1965: 5 Knicks Willis Reed
83%
1982: 4 Trail Blazers Mychal Thompson
67%
1997: 3 Hornets Anthony Mason
58%
1983: 5 SuperSonics Jack Sikma
58%
1982: 2 SuperSonics Jack Sikma
58%
1981: 5 SuperSonics Jack Sikma
58%
1980: 5 SuperSonics Jack Sikma
58%
1979: 5 SuperSonics Jack Sikma
58%
1981: 3 Warriors Larry Smith
58%
1976: 4 Celtics Paul Silas
58%
1984: 3 Bullets Jeff Ruland
50%
1974: 5 Lakers Happy Hairston
42%
1988: 1 Clippers Michael Cage
42%
1956: 4 Warriors Neil Johnston
42%
1955: 1 Warriors Neil Johnston
42%
1953: 2 Warriors Neil Johnston
42%
1961: 5 Pistons Bailey Howell
33%
1995: 5 Cavaliers Tyrone Hill
33%
1957: 5 Lakers Clyde Lovellette
25%
1956: 3 Lakers Clyde Lovellette
25%
1987: 4 Clippers James Donaldson
25%
1994: 5 Pistons/Kings Olden Polynice
25%
1962: 5 Nationals Red Kerr
25%
1959: 4 Nationals Red Kerr
25%
1958: 5 Nationals Red Kerr
25%
1981: 2 Clippers Swen Nater
25%
1980: 1 Clippers Swen Nater
25%
1978: 5 Braves Swen Nater
25%
1952: 4 Royals Arnie Risen
17%
1951: 4 Royals Arnie Risen
17%
1954: 3 Pistons Larry Foust
17%
1958: 2 Royals Maurice Stokes
17%
1957: 2 Royals Maurice Stokes
17%
1956: 1 Royals Maurice Stokes
17%
1976: 5 Kings Sam Lacey
17%
1975: 3 Kings Sam Lacey
17%
1951: 5 Olympians Alex Groza
8%
1968: 4 Warriors Clyde Lee
8%
1953: 4 Nationals Dolph Schayes
8%
1955: 2 Knicks Harry Gallatin
8%
1954: 1 Knicks Harry Gallatin
8%
1951: 3 Knicks Harry Gallatin
8%
1979: 2 Jazz Rich Kelley
8%
1970: 4 Hawks Bill Bridges
0%
1967: 5 Hawks Bill Bridges
0%
1955: 5 Lakers Clyde Lovellette
0%
1999: 4 Nuggets Danny Fortson
0%
1953: 3 Knicks Harry Gallatin
0%
1953: 5 Pistons Larry Foust
0%
1952: 2 Pistons Larry Foust
0%
1952: 2 Hawks Mel Hutchins
0%
1954: 4 Bullets Ray Felix
0%
1968: 5 Bullets Ray Scott
0%
1960: 5 Knicks Willie Naulls
0%
No matching quizzes found
Score Distribution
Percent of People with Each Score
Percentile by Number Answered
Your Score History
You have not taken this quiz since the last reset